000 00987nam a2200277Ia 4500
003 OSt
005 20221005103447.0
006 a|||||r|||| 00| 0
007 ta
008 221004b |||||||| |||| 00| 0 hin d
020 _a9789383878031 (hbk)
_cIndian Rupees 100
024 _a33865
037 _bGift, 05/10/2017,
_cTextual
040 _aCRL
_cCRL
_bhin
041 _2hin
_ahin
082 _aO152,1N54x, Q3
100 _aकरमचंदाणी, हरीश, ले.
245 0 _aअंतहीन सिरा उम्मीद का
246 _aAantahīn sirā ummīd kā
260 _aजयपुर
_bबोधि प्रकाशन भारत
_c2013
300 _a96पृ0
_ccm.
650 _a हिन्दी साहित्य
650 _aहिन्दी कविता
942 _hO152,1N54x, Q3
_cTEXL
_2cc
999 _c1010115
_d1010115